00370nam a22001337a 450000500170000000800410001702000180005804000090007608200150008510000150010024500670011526000330018230000210021520241114123217.0241114b sa ||||| |||| 00| 0 eng d a9781407454016 c3228 aLP EF SAUL aSAUL, John aIn the Dark of the Night:bA Family Holiday Turns into Hell... aRearsbybW.F Howes Ltdc2010 a457 pagesc23 cm